[Event "Madrid-ch Veteranos 2016/2017"]
[Site "Madrid ESP"]
[Date "2017.01.12"]
[Round "4.27"]
[White "Perales Hernandez, Manuel"]
[Black "Ghavami, Mahmoud"]
[Result "0-1"]
[WhiteElo "1306"]
[BlackElo "1566"]
[PlyCount "46"]
[EventDate "2017.01.09"]
[EventType "swiss"]
[EventRounds "9"]
[EventCountry "ESP"]
[SourceTitle "Ajedrez en Madrid"]
[Source "lmi"]
[SourceDate "2017.01.09"]

1. e4 e6 2. e5 g6 3. d4 Bg7 4. Nf3 Ne7 5. Bg5 h6 6. Be3 d6 7. exd6 cxd6 8. Nc3
a6 9. Bd3 Nd7 10. Nh4 Nf6 11. Qf3 O-O 12. g4 Nfd5 13. Nxd5 Nxd5 14. Be4 Nxe3
15. Nxg6 Nxc2+ 16. Bxc2 fxg6 17. Qe4 Qa5+ 18. Ke2 Qb5+ 19. Ke3 Qg5+ 20. Ke2 Qf4
21. Qxg6 Qxf2+ 22. Kd3 Qxd4+ 23. Ke2 Rf2+ 0-1

[Event "Madrid-ch Veteranos 2016/2017"]
[Site "Madrid ESP"]
[Date "2017.01.12"]
[Round "4.28"]
[White "De Juan Rivas, Antonio"]
[Black "Sierra Garcia, Ricardo"]
[Result "1-0"]
[WhiteElo "1682"]
[BlackElo "1454"]
[PlyCount "87"]
[EventDate "2017.01.09"]
[EventType "swiss"]
[EventRounds "9"]
[EventCountry "ESP"]
[SourceTitle "Ajedrez en Madrid"]
[Source "lmi"]
[SourceDate "2017.01.09"]

1. f4 Nf6 2. Nf3 Nc6 3. e3 d6 4. Be2 e5 5. fxe5 dxe5 6. d3 Bb4+ 7. c3 Be7 8.
O-O O-O 9. Nbd2 b6 10. Nc4 e4 11. Nfe5 Nxe5 12. Nxe5 Bb7 13. d4 Bd6 14. Ng4
Nxg4 15. Bxg4 Ba6 16. Be2 Bc8 17. Qe1 Qg5 18. Bc4 b5 19. Bb3 Bh3 20. Qf2 Be6
21. Bc2 f5 22. Bb3 Bxb3 23. axb3 Rf6 24. c4 Raf8 25. c5 Be7 26. Rxa7 Rc6 27.
Qf4 Qxf4 28. Rxf4 Bd6 29. Rf1 Be7 30. Rb7 Bg5 31. g3 Ra6 32. Bd2 Ra2 33. Rb1
Rfa8 34. Rxc7 Bd8 35. Rb7 Ra1 36. Rf1 Rxf1+ 37. Kxf1 Ra1+ 38. Ke2 Rh1 39. Rb8
Rxh2+ 40. Kd1 h5 41. c6 Kh7 42. Rxd8 Rh3 43. c7 Rxg3 44. c8=Q 1-0

[Event "Madrid-ch Veteranos 2016/2017"]
[Site "Madrid ESP"]
[Date "2017.01.12"]
[Round "4.30"]
[White "Rufo Yebra, Benito"]
[Black "Cupeiro Fernandez, Manuel"]
[Result "0-1"]
[WhiteElo "1352"]
[BlackElo "1525"]
[PlyCount "102"]
[EventDate "2017.01.09"]
[EventType "swiss"]
[EventRounds "9"]
[EventCountry "ESP"]
[SourceTitle "Ajedrez en Madrid"]
[Source "lmi"]
[SourceDate "2017.01.09"]

1. d4 d6 2. e4 Nf6 3. Nc3 Bg4 4. Nf3 e6 5. h3 Bxf3 6. gxf3 a6 7. Bf4 Nbd7 8.
Bd3 Qe7 9. h4 h6 10. Qe2 Nb6 11. Bg3 Qd7 12. O-O-O Be7 13. e5 Nfd5 14. Nxd5
Nxd5 15. exd6 Bxd6 16. Bxd6 Qxd6 17. Bc4 O-O-O 18. h5 Qf4+ 19. Kb1 Nb6 20. Bb3
Rxd4 21. Rxd4 Qxd4 22. Rd1 Qf6 23. Rg1 Rd8 24. c3 Nd5 25. Rg4 Nf4 26. Qe3 Nd5
27. Qa7 Nb6 28. a4 Qxf3 29. Rb4 Qh1+ 30. Ka2 Qxh5 31. a5 Qxa5+ 32. Kb1 Rd2 33.
Rf4 Rd7 34. Rxf7 Rxf7 35. Bxe6+ Kd8 36. Bxf7 Qf5+ 37. Ka1 Qxf7 38. Qxb7 Qxf2
39. Qxa6 Qe1+ 40. Ka2 Qe6+ 41. b3 g5 42. Qd3+ Qd6 43. Qf3 Ke7 44. Qe4+ Kf6 45.
Qf3+ Qf4 46. Qc6+ Kg7 47. Ka3 g4 48. Qe8 Qf8+ 49. Qxf8+ Kxf8 50. c4 Nxc4+ 51.
bxc4 Ke7 0-1

[Event "Madrid-ch Veteranos 2016/2017"]
[Site "Madrid ESP"]
[Date "2017.01.13"]
[Round "5.1"]
[White "Elissalt Cardenas, Hector"]
[Black "Kejo, Janne"]
[Result "1-0"]
[WhiteElo "2379"]
[BlackElo "2059"]
[PlyCount "68"]
[EventDate "2017.01.09"]
[EventType "swiss"]
[EventRounds "9"]
[EventCountry "ESP"]
[SourceTitle "Ajedrez en Madrid"]
[Source "lmi"]
[SourceDate "2017.01.09"]

1. d4 Nf6 2. c4 e6 3. Nf3 b6 4. g3 Bb7 5. Bg2 Be7 6. O-O O-O 7. d5 d6 8. Nc3 e5
9. e4 Re8 10. Rb1 Nbd7 11. Ne1 Nf8 12. Nd3 N6d7 13. b4 a6 14. Be3 Ng6 15. Qd2
Nf6 16. f3 Bc8 17. c5 Bd7 18. cxb6 cxb6 19. b5 axb5 20. Nb4 Rc8 21. Rfc1 Bf8
22. Bf1 h6 23. Nxb5 Rxc1 24. Rxc1 Qb8 25. Qf2 Rc8 26. Rxc8 Bxc8 27. Bxb6 Ne8
28. a4 Bd7 29. a5 Ne7 30. Na7 Nc8 31. Nxc8 Qxc8 32. a6 Nc7 33. Bxc7 Qxc7 34. a7
Qa5 1-0

[Event "Madrid-ch Veteranos 2016/2017"]
[Site "Madrid ESP"]
[Date "2017.01.13"]
[Round "5.2"]
[White "Cabanas Bravo, Juan Andres"]
[Black "Nunez Munoz, Jesus"]
[Result "0-1"]
[WhiteElo "2008"]
[BlackElo "2186"]
[PlyCount "166"]
[EventDate "2017.01.09"]
[EventType "swiss"]
[EventRounds "9"]
[EventCountry "ESP"]
[SourceTitle "Ajedrez en Madrid"]
[Source "lmi"]
[SourceDate "2017.01.09"]

1. e4 c6 2. d4 d5 3. Nc3 dxe4 4. Nxe4 Bf5 5. Ng3 Bg6 6. Bc4 e6 7. N1e2 Bd6 8.
O-O Nf6 9. f4 O-O 10. f5 exf5 11. Nxf5 Bc7 12. Neg3 Bxg3 13. Nxg3 b5 14. Bb3
Nbd7 15. Nf5 Nd5 16. Bxd5 cxd5 17. Qe2 a6 18. Ne7+ Kh8 19. Nxd5 Nb6 20. Nxb6
Qxb6 21. Be3 Rae8 22. Rae1 Qc6 23. c3 Be4 24. Rf2 Bd5 25. a3 Re6 26. Qd1 Rg6
27. g3 Qd7 28. Qh5 Re6 29. Bd2 Rfe8 30. Rxe6 Qxe6 31. Qf5 Qc6 32. h4 f6 33. Qh5
Qe6 34. Qf5 Qc6 35. Qh5 Kg8 36. Re2 Rxe2 37. Qxe2 Bf3 38. Qf2 Kf7 39. Qe3 Bh1
40. Qe2 Bf3 41. Qe3 h6 42. Kh2 g5 43. hxg5 hxg5 44. Kg1 Qd5 45. Qd3 Be4 46. Qf1
Kg6 47. Qh3 Qb3 48. Qg4 Bf5 49. Qe2 Kf7 50. Bc1 Qd5 51. Qg2 Be4 52. Qh3 Bf5 53.
Qg2 Be4 54. Qh3 Kg7 55. Kf2 a5 56. Qc8 Bh1 57. Qh3 Kg6 58. Kg1 Be4 59. Qh8 Qe6
60. Qd8 Bd5 61. Kf2 Qe4 62. Bd2 Qf3+ 63. Ke1 Qxg3+ 64. Kd1 Bb3+ 65. Ke2 Qg2+
66. Ke3 Qg3+ 67. Ke2 Qg4+ 68. Kf2 Qf5+ 69. Kg1 Qb1+ 70. Kf2 Qf5+ 71. Kg1 Qg4+
72. Kf2 Qh4+ 73. Kg2 Qe4+ 74. Kf2 Bd5 75. Qb8 Qg2+ 76. Ke1 Qg1+ 77. Ke2 Bc4+
78. Kf3 Qf1+ 79. Kg3 Qd3+ 80. Kg2 Qxd2+ 81. Kg1 Qe1+ 82. Kg2 Bd5+ 83. Kh2 Qf2+
0-1

[Event "Madrid-ch Veteranos 2016/2017"]
[Site "Madrid ESP"]
[Date "2017.01.13"]
[Round "5.3"]
[White "Pastor Alonso de Prado, Emilio Alberto"]
[Black "Lopez De Turiso, Jose Angel"]
[Result "0-1"]
[WhiteElo "2113"]
[BlackElo "2019"]
[PlyCount "44"]
[EventDate "2017.01.09"]
[EventType "swiss"]
[EventRounds "9"]
[EventCountry "ESP"]
[SourceTitle "Ajedrez en Madrid"]
[Source "lmi"]
[SourceDate "2017.01.09"]

1. e4 e5 2. Nc3 Nf6 3. Nf3 Nc6 4. Bb5 Bc5 5. Nxe5 Nxe5 6. d4 Bd6 7. f4 Nc6 8.
e5 Bb4 9. exf6 Qxf6 10. Qe2+ Kd8 11. Bxc6 Qxc6 12. Qd2 Re8+ 13. Kf2 b6 14. Qd3
Bb7 15. Rg1 a5 16. Bd2 Qh6 17. Qg3 Be7 18. Qg4 Bh4+ 19. g3 Bf6 20. h4 Bxd4+ 21.
Kf1 Bxg1 22. Kxg1 Qc6 0-1

[Event "Madrid-ch Veteranos 2016/2017"]
[Site "Madrid ESP"]
[Date "2017.01.13"]
[Round "5.4"]
[White "Minguela Munoz, Bienvenido"]
[Black "Casares Ripoll, Fernando"]
[Result "0-1"]
[WhiteElo "1786"]
[BlackElo "2124"]
[PlyCount "100"]
[EventDate "2017.01.09"]
[EventType "swiss"]
[EventRounds "9"]
[EventCountry "ESP"]
[SourceTitle "Ajedrez en Madrid"]
[Source "lmi"]
[SourceDate "2017.01.09"]

1. d4 d5 2. c4 c5 3. cxd5 Nf6 4. dxc5 Qxd5 5. Qxd5 Nxd5 6. a3 e5 7. e4 Nf6 8.
Nc3 Bxc5 9. Bg5 Be6 10. Bxf6 gxf6 11. Rc1 Nd7 12. Bb5 Rc8 13. Nge2 a6 14. Bxd7+
Kxd7 15. O-O Ke7 16. Rfd1 Rhd8 17. Nd5+ Bxd5 18. exd5 f5 19. Ng3 f4 20. Ne4 Bd4
21. d6+ Kd7 22. b4 b6 23. a4 h6 24. g4 fxg3 25. hxg3 f5 26. Nd2 Kxd6 27. Nc4+
Ke6 28. Kg2 b5 29. axb5 axb5 30. Na5 Kd5 31. Nb7 Rxc1 32. Rxc1 Rd7 33. Nc5 Rc7
34. Rd1 Ra7 35. Nd3 Ra2 36. Kh3 Kc4 37. f3 Ra3 38. Ne1 Rc3 39. Rb1 Be3 40. g4
fxg4+ 41. Kxg4 Rc1 42. Rxc1+ Bxc1 43. Kf5 Bf4 44. Ke4 Kxb4 45. Nd3+ Kc3 46.
Nxe5 Bxe5 47. Kxe5 b4 48. f4 b3 49. f5 b2 50. f6 b1=Q 0-1

[Event "Madrid-ch Veteranos 2016/2017"]
[Site "Madrid ESP"]
[Date "2017.01.13"]
[Round "5.5"]
[White "Campos Calvo-Sotelo, Juan"]
[Black "Lorenzo Bailador, Alfredo"]
[Result "1-0"]
[WhiteElo "1896"]
[BlackElo "1999"]
[PlyCount "103"]
[EventDate "2017.01.09"]
[EventType "swiss"]
[EventRounds "9"]
[EventCountry "ESP"]
[SourceTitle "Ajedrez en Madrid"]
[Source "lmi"]
[SourceDate "2017.01.09"]

1. b4 d5 2. e3 Bf5 3. Nf3 e6 4. Bb2 Nf6 5. a3 Nbd7 6. c4 c6 7. cxd5 exd5 8. Nc3
Bd6 9. Be2 O-O 10. O-O Qe7 11. Nd4 Bg6 12. f4 h6 13. Qe1 Ne4 14. Nxe4 Bxe4 15.
Qg3 Nf6 16. Bg4 c5 17. bxc5 Bxc5 18. Rfc1 Rfe8 19. Nf5 Bxf5 20. Bxf5 Bb6 21. a4
Ba5 22. Rc2 Bb4 23. Rac1 Qd6 24. Be5 Qa6 25. Bd7 Red8 26. Bc6 Nh5 27. Qf3 bxc6
28. Rxc6 Qd3 29. Qxh5 Qxd2 30. Bd4 Rd6 31. R6c2 Qd3 32. f5 Bd2 33. Rc8+ Rd8 34.
R8c3 Bxc3 35. Rxc3 Qb1+ 36. Kf2 Qe4 37. Rc7 Rf8 38. f6 Rac8 39. fxg7 Rxc7 40.
gxf8=Q+ Kxf8 41. Qxh6+ Ke8 42. Qh8+ Kd7 43. Qh3+ Ke7 44. Qf3 Rc2+ 45. Kg3 Qg6+
46. Kh3 Qh6+ 47. Kg3 Qg5+ 48. Kh3 Qh6+ 49. Kg3 Qg5+ 50. Kh3 Rc6 51. g4 Rg6 52.
Qf5 1-0

[Event "Madrid-ch Veteranos 2016/2017"]
[Site "Madrid ESP"]
[Date "2017.01.13"]
[Round "5.6"]
[White "Alvarez Abejon, Amilcar"]
[Black "Losada Gonzalez, Andres"]
[Result "1/2-1/2"]
[WhiteElo "1979"]
[BlackElo "1772"]
[PlyCount "56"]
[EventDate "2017.01.09"]
[EventType "swiss"]
[EventRounds "9"]
[EventCountry "ESP"]
[SourceTitle "Ajedrez en Madrid"]
[Source "lmi"]
[SourceDate "2017.01.09"]

1. d4 f5 2. Nf3 Nf6 3. g3 e6 4. Bg2 d5 5. c4 c6 6. O-O Bd6 7. b3 O-O 8. Ba3
Bxa3 9. Nxa3 Ne4 10. Nc2 Rf6 11. Nb4 Rh6 12. Nd3 Nd7 13. Rc1 Qe8 14. e3 g5 15.
Nfe5 Nf8 16. Rc2 Bd7 17. Qe2 g4 18. f3 gxf3 19. Bxf3 Qe7 20. Bxe4 dxe4 21. Nf4
Ng6 22. Nfxg6 hxg6 23. Qf2 Kg7 24. Qe1 Rah8 25. Qa5 Qg5 26. Qe1 Qe7 27. Qa5 Qg5
28. Qe1 Qe7 1/2-1/2

[Event "Madrid-ch Veteranos 2016/2017"]
[Site "Madrid ESP"]
[Date "2017.01.13"]
[Round "5.7"]
[White "Bellagamba, Pascal"]
[Black "Gonzalez Mateos, Rafael"]
[Result "0-1"]
[WhiteElo "1656"]
[BlackElo "1955"]
[PlyCount "68"]
[EventDate "2017.01.09"]
[EventType "swiss"]
[EventRounds "9"]
[EventCountry "ESP"]
[SourceTitle "Ajedrez en Madrid"]
[Source "lmi"]
[SourceDate "2017.01.09"]

1. Nf3 d5 2. b3 c6 3. Bb2 Bf5 4. d3 Nd7 5. Nbd2 Ngf6 6. g3 h6 7. Bg2 e6 8. O-O
Qc7 9. Re1 Be7 10. c4 dxc4 11. bxc4 e5 12. e4 Bh7 13. Nf1 O-O 14. Ne3 Rad8 15.
Qc2 Rfe8 16. Red1 Bc5 17. Qc1 Qb6 18. Rb1 Bxe3 19. fxe3 Ng4 20. d4 Bxe4 21. c5
Qc7 22. Ra1 exd4 23. Bxd4 Bd5 24. Nh4 Bxg2 25. Kxg2 Nf8 26. Nf5 Ne6 27. Nd6 Re7
28. h3 Nxd4 29. exd4 Ne3+ 30. Kf2 Nxd1+ 31. Qxd1 Rxd6 32. cxd6 Qxd6 33. Rc1 Qe6
34. d5 Qxd5 0-1

[Event "Madrid-ch Veteranos 2016/2017"]
[Site "Madrid ESP"]
[Date "2017.01.13"]
[Round "5.9"]
[White "Quintero Torres, Pedro"]
[Black "Martin Rodriguez, Emilio"]
[Result "1-0"]
[WhiteElo "1942"]
[BlackElo "2056"]
[PlyCount "84"]
[EventDate "2017.01.09"]
[EventType "swiss"]
[EventRounds "9"]
[EventCountry "ESP"]
[SourceTitle "Ajedrez en Madrid"]
[Source "lmi"]
[SourceDate "2017.01.09"]

1. e4 e6 2. d4 d5 3. Nc3 Nf6 4. Bg5 Be7 5. Bxf6 Bxf6 6. Nf3 a6 7. Be2 b5 8. a3
Bb7 9. exd5 exd5 10. O-O Nd7 11. Re1 O-O 12. Bf1 Nb6 13. Ne2 g6 14. c3 Nc4 15.
Qc2 Qd6 16. Nc1 Bc8 17. h3 Kg7 18. Bd3 Bd7 19. Nb3 Rae8 20. Nc5 Bc8 21. b3 Nb6
22. Qd2 Nd7 23. b4 c6 24. Rxe8 Rxe8 25. Re1 Rxe1+ 26. Qxe1 Nxc5 27. bxc5 Qf4
28. Qe3 Qc7 29. Qc1 Be6 30. Ng5 Bd7 31. Nf3 h6 32. Qe3 Be6 33. Ne5 Bxe5 34.
dxe5 Qa5 35. Qf4 Qd8 36. Kh2 Qg5 37. Qxg5 hxg5 38. Kg3 Kh6 39. Be2 a5 40. Bg4
Bxg4 41. Kxg4 b4 42. axb4 axb4 1-0

[Event "Madrid-ch Veteranos 2016/2017"]
[Site "Madrid ESP"]
[Date "2017.01.13"]
[Round "5.10"]
[White "Paarup, Torsten"]
[Black "Lopez Heras, Arturo"]
[Result "1-0"]
[WhiteElo "1979"]
[BlackElo "1837"]
[PlyCount "61"]
[EventDate "2017.01.09"]
[EventType "swiss"]
[EventRounds "9"]
[EventCountry "ESP"]
[SourceTitle "Ajedrez en Madrid"]
[Source "lmi"]
[SourceDate "2017.01.09"]

1. e4 c5 2. Nc3 e6 3. f4 Nc6 4. Nf3 d5 5. Bb5 dxe4 6. Nxe4 Nf6 7. Qe2 Be7 8.
Ne5 Qc7 9. O-O O-O 10. Bxc6 bxc6 11. d3 Rb8 12. b3 a5 13. a4 Ba6 14. Nxf6+ Bxf6
15. Bb2 Rfd8 16. Rad1 Rd5 17. Bc3 Ra8 18. Qe1 Bb7 19. Nc4 Bxc3 20. Qxc3 Rf5 21.
Qd2 h5 22. Rde1 Bc8 23. Re4 Ba6 24. Ne3 Rf6 25. Qc3 c4 26. Nxc4 Bxc4 27. Rxc4
Rc8 28. Qe5 Rf5 29. Qxc7 Rxc7 30. Re1 c5 31. Re5 1-0

[Event "Madrid-ch Veteranos 2016/2017"]
[Site "Madrid ESP"]
[Date "2017.01.13"]
[Round "5.11"]
[White "Serrano Baylin, Francisco"]
[Black "Fernandez Garcia, Ignacio"]
[Result "1-0"]
[WhiteElo "1962"]
[BlackElo "1833"]
[PlyCount "91"]
[EventDate "2017.01.09"]
[EventType "swiss"]
[EventRounds "9"]
[EventCountry "ESP"]
[SourceTitle "Ajedrez en Madrid"]
[Source "lmi"]
[SourceDate "2017.01.09"]

1. c4 Nf6 2. g3 c6 3. Bg2 d6 4. Nc3 e5 5. d4 Nbd7 6. Nf3 e4 7. Ng5 d5 8. O-O h6
9. Nh3 Be7 10. cxd5 cxd5 11. f3 Nb6 12. Nf4 exf3 13. Bxf3 O-O 14. e3 Bd7 15.
Ncxd5 Nfxd5 16. Nxd5 Bh3 17. Nxe7+ Qxe7 18. Rf2 Rad8 19. Qd3 Be6 20. b3 Rfe8
21. e4 a6 22. Bb2 Bd7 23. a4 Kh8 24. Bg2 Bg4 25. d5 f6 26. Raf1 Nd7 27. Rf4 Bh5
28. Bd4 Bg6 29. Re1 Ne5 30. Qe3 Rc8 31. Bh3 Rc2 32. Be6 Qc7 33. Re2 Rc1+ 34.
Kg2 Bh5 35. Rxf6 Rxe6 36. Rxe6 Bxe2 37. Bxe5 Bf1+ 38. Kf3 Qf7+ 39. Qf4 Qh5+ 40.
g4 Qh3+ 41. Qg3 Be2+ 42. Ke3 Qxg3+ 43. hxg3 Bxg4 44. Rxh6+ Kg8 45. Rg6 Bd1 46.
Rxg7+ 1-0

[Event "Madrid-ch Veteranos 2016/2017"]
[Site "Madrid ESP"]
[Date "2017.01.13"]
[Round "5.12"]
[White "Martin Martin, Luis Vicente"]
[Black "Lopez Orellana, Federico"]
[Result "1-0"]
[WhiteElo "1943"]
[BlackElo "1756"]
[PlyCount "67"]
[EventDate "2017.01.09"]
[EventType "swiss"]
[EventRounds "9"]
[EventCountry "ESP"]
[SourceTitle "Ajedrez en Madrid"]
[Source "lmi"]
[SourceDate "2017.01.09"]

1. d4 d5 2. Bf4 e6 3. e3 f5 4. Nf3 Nf6 5. h3 Be7 6. Bd3 c6 7. Nbd2 O-O 8. Qe2
a5 9. Ne5 Bd7 10. O-O Ne4 11. f3 Nxd2 12. Qxd2 Bg5 13. Bxg5 Qxg5 14. f4 Qe7 15.
g4 Be8 16. Rf3 Nd7 17. Nxd7 Bxd7 18. Kh2 c5 19. c3 c4 20. Bc2 b5 21. Rg1 Kh8
22. Qg2 Be8 23. gxf5 exf5 24. Rg3 Ra7 25. Qxd5 Rd7 26. Qe5 Qxe5 27. fxe5 f4 28.
Rf3 Rdf7 29. exf4 Rxf4 30. Rxf4 Rxf4 31. Kg3 Rf7 32. Be4 b4 33. Bd5 Rc7 34. Rf1
1-0

[Event "Madrid-ch Veteranos 2016/2017"]
[Site "Madrid ESP"]
[Date "2017.01.13"]
[Round "5.13"]
[White "Sotoca Aguado, Jose"]
[Black "Garcia Martin, Esteban"]
[Result "1/2-1/2"]
[WhiteElo "1924"]
[BlackElo "1855"]
[PlyCount "170"]
[EventDate "2017.01.09"]
[EventType "swiss"]
[EventRounds "9"]
[EventCountry "ESP"]
[SourceTitle "Ajedrez en Madrid"]
[Source "lmi"]
[SourceDate "2017.01.09"]

1. e4 c5 2. Nf3 d6 3. d4 cxd4 4. Nxd4 Nf6 5. Nc3 g6 6. Be3 Bg7 7. f3 a6 8. Qd2
b5 9. h4 Nbd7 10. O-O-O h5 11. Be2 Bb7 12. Kb1 Ne5 13. Bd3 d5 14. exd5 Nxd5 15.
Nxd5 Bxd5 16. Qb4 O-O 17. Be4 Bxe4 18. fxe4 Qc8 19. Nf3 Nc6 20. Qc5 Qb7 21. Rd2
Rfd8 22. Rhd1 Rxd2 23. Rxd2 Na5 24. Qd5 Qxd5 25. Rxd5 Bxb2 26. Rd7 Ba3 27. Bd4
Nc6 28. Bb6 Rb8 29. Be3 Rd8 30. Rxd8+ Nxd8 31. c3 Ne6 32. Kc2 Bc5 33. Bd2 f6
34. e5 Kf7 35. Kd3 Bf2 36. Ke4 Nc7 37. Bf4 f5+ 38. Kd3 Nd5 39. Bd2 Ke6 40. c4
bxc4+ 41. Kxc4 Ne3+ 42. Bxe3 Bxe3 43. a4 Bb6 44. Kb4 Kd5 45. Nd2 Bf2 46. Nf3
Bb6 47. Nd2 Kd4 48. Nf3+ Ke4 49. Kc4 e6 50. Kb4 Bf2 51. Ka5 Kd5 52. Kxa6 Kc6
53. Ng5 Bxh4 54. Nxe6 Kd5 55. Nf4+ Kc6 56. Nxg6 Bg3 57. Ne7+ Kd7 58. Nxf5 Bxe5
59. Kb5 Ke6 60. Ne3 Bd4 61. Nc4 Kd7 62. a5 Kc7 63. a6 h4 64. Nd2 Be3 65. Nf3
Bf2 66. Ng5 Be3 67. Ne6+ Kb8 68. Nd8 Bf2 69. Nc6+ Ka8 70. Kc4 Bg3 71. Kd5 Bf2
72. Ke6 Be1 73. Kf5 Bg3 74. Kg4 Bf2 75. Ne7 Ka7 76. Ng6 Kxa6 77. Nxh4 Kb6 78.
Ng6 Kc7 79. Kf5 Kd8 80. g4 Ke8 81. g5 Kf7 82. Nf4 Bd4 83. g6+ Kg8 84. Nh5 Bb2
85. Nf6+ Bxf6 1/2-1/2

[Event "Madrid-ch Veteranos 2016/2017"]
[Site "Madrid ESP"]
[Date "2017.01.13"]
[Round "5.14"]
[White "Sanchez Garcia, Aurelio"]
[Black "Martinez De La Puente, Ignacio"]
[Result "1-0"]
[WhiteElo "2131"]
[BlackElo "1706"]
[PlyCount "35"]
[EventDate "2017.01.09"]
[EventType "swiss"]
[EventRounds "9"]
[EventCountry "ESP"]
[SourceTitle "Ajedrez en Madrid"]
[Source "lmi"]
[SourceDate "2017.01.09"]

1. Nf3 e6 2. c4 Nf6 3. e3 d5 4. b3 b6 5. Nc3 Ba6 6. Be2 Nbd7 7. O-O c5 8. cxd5
Bxe2 9. Qxe2 exd5 10. d4 Be7 11. Rd1 cxd4 12. Nxd4 Rc8 13. Bb2 O-O 14. Nf5 Nc5
15. Nxd5 Nxd5 16. Rxd5 Qc7 17. Qg4 g6 18. Nh6# 1-0

[Event "Madrid-ch Veteranos 2016/2017"]
[Site "Madrid ESP"]
[Date "2017.01.13"]
[Round "5.15"]
[White "Calderon Martin, Antonio"]
[Black "Pashov, Spas Nikolov"]
[Result "0-1"]
[WhiteElo "1699"]
[BlackElo "1870"]
[PlyCount "53"]
[EventDate "2017.01.09"]
[EventType "swiss"]
[EventRounds "9"]
[EventCountry "ESP"]
[SourceTitle "Ajedrez en Madrid"]
[Source "lmi"]
[SourceDate "2017.01.09"]

1. e4 e5 2. Nf3 Nc6 3. Bb5 f5 4. d3 fxe4 5. dxe4 Nf6 6. O-O d6 7. Nc3 Be7 8. h3
O-O 9. Bc4+ Kh8 10. Ng5 Qe8 11. Ne6 Bxe6 12. Bxe6 Nd4 13. Bb3 a6 14. Be3 Nxb3
15. axb3 Rc8 16. Qd3 Qg6 17. Nd5 Bd8 18. Nxf6 Rxf6 19. b4 c6 20. c3 h6 21. f4
exf4 22. Bxf4 d5 23. Rae1 Bb6+ 24. Kh1 Re8 25. Qg3 Qxg3 26. Bxg3 dxe4 27. Bf4
0-1

[Event "Madrid-ch Veteranos 2016/2017"]
[Site "Madrid ESP"]
[Date "2017.01.13"]
[Round "5.17"]
[White "Serrano Garcia, Vicente"]
[Black "Salgado Duarte, Pablo"]
[Result "1-0"]
[WhiteElo "1807"]
[BlackElo "1574"]
[PlyCount "53"]
[EventDate "2017.01.09"]
[EventType "swiss"]
[EventRounds "9"]
[EventCountry "ESP"]
[SourceTitle "Ajedrez en Madrid"]
[Source "lmi"]
[SourceDate "2017.01.09"]

1. d4 d5 2. Nf3 Nf6 3. Bg5 e6 4. e3 Be7 5. Bd3 Nc6 6. c3 O-O 7. Nbd2 h6 8. Bh4
Re8 9. Ne5 Nxe5 10. dxe5 Nd7 11. Bg3 c6 12. Qg4 Qc7 13. Nf3 Nf8 14. Bf4 Kh8 15.
h4 Qd8 16. Ng5 Bxg5 17. hxg5 Nh7 18. gxh6 g6 19. Rh5 Rg8 20. Rg5 Nxg5 21. Bxg5
Qf8 22. O-O-O a5 23. h7 Rg7 24. Bf6 b5 25. Rh1 b4 26. Qh4 Ra7 27. Qh6 1-0

[Event "Madrid-ch Veteranos 2016/2017"]
[Site "Madrid ESP"]
[Date "2017.01.13"]
[Round "5.18"]
[White "Perez Cameselle, Francisco Jose"]
[Black "Beekhof Harmsen, Willen"]
[Result "1-0"]
[WhiteElo "1790"]
[BlackElo "1555"]
[PlyCount "91"]
[EventDate "2017.01.09"]
[EventType "swiss"]
[EventRounds "9"]
[EventCountry "ESP"]
[SourceTitle "Ajedrez en Madrid"]
[Source "lmi"]
[SourceDate "2017.01.09"]

1. e4 g6 2. d4 Bg7 3. Nf3 d6 4. Nc3 b6 5. Bc4 Bb7 6. O-O Nf6 7. Re1 O-O 8. Bb3
Nc6 9. d5 Na5 10. h3 Nxb3 11. axb3 Nd7 12. Nd4 Ne5 13. f4 c5 14. Ndb5 a6 15.
fxe5 axb5 16. Rxa8 Qxa8 17. exd6 exd6 18. Nxb5 Qd8 19. Bf4 Be5 20. c4 Qd7 21.
Qd2 Ba6 22. Nc3 b5 23. Ra1 Qb7 24. cxb5 Bxb5 25. Ra5 Bd7 26. Na4 Bxa4 27. bxa4
Rb8 28. Rb5 Qa7 29. Rxb8+ Qxb8 30. Bxe5 dxe5 31. d6 Kf8 32. b3 Ke8 33. Qd5 Qa7
34. Qxe5+ Kd8 35. Kh2 h5 36. Qd5 Ke8 37. e5 c4 38. Qxc4 Qb8 39. Qc7 Qxc7 40.
dxc7 Kd7 41. Kg3 Kxc7 42. Kf4 Kd7 43. a5 Kc6 44. Ke4 Kb5 45. b4 h4 46. Kf4 1-0

[Event "Madrid-ch Veteranos 2016/2017"]
[Site "Madrid ESP"]
[Date "2017.01.13"]
[Round "5.19"]
[White "Martinez Miura, Enrique"]
[Black "Alvarez Escudero, Manuel"]
[Result "1/2-1/2"]
[WhiteElo "1640"]
[BlackElo "1782"]
[PlyCount "20"]
[EventDate "2017.01.09"]
[EventType "swiss"]
[EventRounds "9"]
[EventCountry "ESP"]
[SourceTitle "Ajedrez en Madrid"]
[Source "lmi"]
[SourceDate "2017.01.09"]

1. e4 e5 2. Nf3 Nc6 3. Bb5 d6 4. d4 exd4 5. Nxd4 Bd7 6. Nxc6 Bxc6 7. Bxc6+ bxc6
8. O-O Be7 9. Nc3 Nf6 10. Re1 O-O 1/2-1/2

[Event "Madrid-ch Veteranos 2016/2017"]
[Site "Madrid ESP"]
[Date "2017.01.13"]
[Round "5.20"]
[White "Ramos Antona, Enrique"]
[Black "Lopez Peral, Enrique"]
[Result "1-0"]
[WhiteElo "1593"]
[BlackElo "1764"]
[PlyCount "79"]
[EventDate "2017.01.09"]
[EventType "swiss"]
[EventRounds "9"]
[EventCountry "ESP"]
[SourceTitle "Ajedrez en Madrid"]
[Source "lmi"]
[SourceDate "2017.01.09"]

1. d4 d5 2. c4 dxc4 3. e3 Nf6 4. Bxc4 e5 5. Qb3 Qd7 6. dxe5 Ne4 7. Nf3 Nc6 8.
Qd3 Qxd3 9. Bxd3 Nc5 10. Bb5 Bd7 11. Nc3 a6 12. Be2 Bf5 13. Nd4 Nxd4 14. exd4
Nd3+ 15. Bxd3 Bxd3 16. Be3 O-O-O 17. Rd1 Bc4 18. f3 Bb4 19. a3 Bb3 20. axb4
Bxd1 21. Kxd1 Rhe8 22. Kc2 f6 23. f4 g5 24. g3 gxf4 25. gxf4 c6 26. Rd1 h5 27.
Ne4 fxe5 28. fxe5 b6 29. Bf4 Rg8 30. Nf6 Rg2+ 31. Rd2 Rxd2+ 32. Kxd2 Rxd4+ 33.
Ke3 Rxb4 34. e6 Rb3+ 35. Ke4 Rb4+ 36. Kf5 Rxf4+ 37. Kxf4 Kd8 38. Ke5 Ke7 39.
Ng8+ Ke8 40. Kd6 1-0

[Event "Madrid-ch Veteranos 2016/2017"]
[Site "Madrid ESP"]
[Date "2017.01.13"]
[Round "5.22"]
[White "Infante Martin, Alonso"]
[Black "Esteban Amo, Jose M"]
[Result "0-1"]
[WhiteElo "1396"]
[BlackElo "1850"]
[PlyCount "148"]
[EventDate "2017.01.09"]
[EventType "swiss"]
[EventRounds "9"]
[EventCountry "ESP"]
[SourceTitle "Ajedrez en Madrid"]
[Source "lmi"]
[SourceDate "2017.01.09"]

1. d4 Nf6 2. c4 e5 3. d5 Bb4+ 4. Nc3 O-O 5. Qc2 c6 6. a3 Bxc3+ 7. Qxc3 d6 8.
Bg5 cxd5 9. cxd5 Nxd5 10. Qd2 Ne7 11. e4 Be6 12. Nf3 f6 13. Be3 d5 14. exd5
Bxd5 15. Rd1 Nbc6 16. Be2 Qc7 17. O-O Rfd8 18. Qc2 Rac8 19. b4 a6 20. Rc1 Qb8
21. Qb2 Na7 22. a4 Rxc1 23. Rxc1 Nf5 24. Bb6 Rd7 25. Qc3 Ne7 26. Qc5 Nac8 27.
a5 Nxb6 28. axb6 h6 29. Bc4 Qd8 30. Be2 Bc6 31. h3 Kh8 32. Kh2 Nd5 33. b5 axb5
34. Bxb5 Bxb5 35. Qxb5 Nxb6 36. Nh4 Nd5 37. Nf5 Ne7 38. Ne3 Nc6 39. Qb1 Nd4 40.
Qg6 Re7 41. Rd1 Qe8 42. Qd3 g6 43. Nd5 Rg7 44. Nxf6 Qe6 45. Ne4 Qf5 46. Kh1 Kh7
47. Re1 Rd7 48. g4 Qf3+ 49. Qxf3 Nxf3 50. Nf6+ Kg7 51. Nxd7 Nxe1 52. Nxe5 b5
53. Nc6 Nd3 54. Nd4 b4 55. Kg1 Nc1 56. Nb5 b3 57. Kf1 Kf6 58. Ke1 Nd3+ 59. Kf1
Ke5 60. f3 b2 61. Nc3 Kd4 62. Nb1 Ke3 63. Kg2 Nf4+ 64. Kg3 g5 65. Na3 Ne2+ 66.
Kg2 Kd3 67. Kf2 Nf4 68. Kg3 Kd2 69. Nc4+ Kc1 70. Nxb2 Kxb2 71. h4 Kc3 72. h5
Kd3 73. Kf2 Kd2 74. Kg3 Ke2 0-1